Information theory
This book introduce information theory of discrete systems, some properties of continuous signals. Ergodic ensembles and random noise. The entropy of continuous distributions...
Na minha lista:
| Autor principal: | |
|---|---|
| Formato: | Livro |
| Idioma: | Undetermined |
| Publicado em: |
Mineola, N.Y.
Dover Publications
2005
|
| Assuntos: | |
| Tags: |
Adicionar Tag
Sem tags, seja o primeiro a adicionar uma tag!
|
| Thư viện lưu trữ: | Trung tâm Học liệu Trường Đại học Cần Thơ |
|---|
| LEADER | 00778nam a2200217Ia 4500 | ||
|---|---|---|---|
| 001 | CTU_232336 | ||
| 008 | 210402s9999 xx 000 0 und d | ||
| 082 | |a 003.54 | ||
| 082 | |b G619 | ||
| 100 | |a Goldman, Stanford | ||
| 245 | 0 | |a Information theory | |
| 245 | 0 | |c Stanford Goldman | |
| 260 | |a Mineola, N.Y. | ||
| 260 | |b Dover Publications | ||
| 260 | |c 2005 | ||
| 520 | |a This book introduce information theory of discrete systems, some properties of continuous signals. Ergodic ensembles and random noise. The entropy of continuous distributions... | ||
| 526 | |a Thông tin và bảo mật thông tin | ||
| 526 | |b CT606 | ||
| 650 | |a Lý thuyết thông tin,Information theory | ||
| 910 | |b dqhieu | ||
| 980 | |a Trung tâm Học liệu Trường Đại học Cần Thơ | ||